Random North American Countries on a Map - Statistics

General Stats
  • This quiz has been taken 1,274 times
  • The average score is 5 of 6
Answers on the Map
Answers color-coded by a green-red scale on the quiz's map according to % correct below.
 
Answer Stats
Answer % Correct
Canada
100%
Mexico
100%
Panama
98%
USA
96%
El Salvador
95%
Bahamas
94%
Cuba
92%
Nicaragua
92%
Belize
91%
Dominican Republic
91%
Costa Rica
87%
Haiti
87%
Honduras
87%
Jamaica
87%
Dominica
85%
Guatemala
85%
St. Kitts and Nevis
80%
Antigua and Barbuda
76%
Grenada
74%
Trinidad and Tobago
73%
St. Lucia
69%
Barbados
64%
St. Vincent and the Grenadines
62%
No matching quizzes found
Score Distribution
Percent of People with Each Score
Percentile by Number Answered
Your Score History
You have not taken this quiz